[Event "Rei"]
[Site "http://www.queenalice.com/game.php?id=330112"]
[Date "2008.1.3"]
[Round "-"]
[White "charles31"]
[Black "VelhoBuk"]
[Result "1-0"]
[WhiteElo "1793"]
[BlackElo "1502"]

1. e4 d5 2. exd5 Qxd5 3. Nc3 Qa5 4. Bb5+ c6 5. Ba4 h5 6. d3 f6 7. Qf3 h4 8. h3
Bd7 9. Bb3 g6 10. Bd2 Bh6 11. Bxg8 Rxg8 12. Bxh6 Qe5+ 13. Be3 Na6 14. Nge2 Rd8
15. Bf4 1-0

[Event "Queima Cavalo"]
[Site "http://www.queenalice.com/game.php?id=330114"]
[Date "2008.1.3"]
[Round "-"]
[White "VelhoBuk"]
[Black "inguitar"]
[Result "0-1"]
[WhiteElo "1493"]
[BlackElo "1737"]

1. e4 e5 2. Nf3 Nc6 3. d4 exd4 4. Nxd4 Nxd4 5. Qxd4 d6 6. Be2 Be7 7. Qxg7 Bf6 8.
Qxg8+ Rxg8 9. Bd2 Bxb2 10. Bc3 Bxa1 11. Bxa1 Rxg2 12. Bf3 Rg5 13. h4 Rc5 14. Rg1
Qxh4 15. Bf6 Qxf6 0-1

[Event "AUTO-OPEN-956"]
[Site "http://www.queenalice.com/game.php?id=330382"]
[Date "2008.1.3"]
[Round "1"]
[White "hartto"]
[Black "VelhoBuk"]
[Result "0-1"]
[WhiteElo "1832"]
[BlackElo "1359"]

1. e4 e5 2. Nf3 Nc6 3. Bc4 Bc5 4. O-O d6 5. c3 Nf6 6. d4 Be6 7. Bxe6 fxe6 8.
dxc5 Qe7 9. cxd6 cxd6 10. Bg5 Rc8 11. Bxf6 Qxf6 12. Qxd6 Qe7 13. Rd1 Kf7 14.
Nxe5+ Kf6 0-1

[Event "AUTO-OPEN-956"]
[Site "http://www.queenalice.com/game.php?id=330383"]
[Date "2008.1.3"]
[Round "1"]
[White "VelhoBuk"]
[Black "hartto"]
[Result "1-0"]
[WhiteElo "1359"]
[BlackElo "1832"]

1. e3 e5 2. e4 Nf6 3. Nc3 Bc5 4. d3 O-O 5. f4 Nc6 6. g3 Re8 7. Bg2 d5 8. exd5
exf4+ 9. Nge2 Nd4 10. Bxf4 Rxe2+ 11. Nxe2 Bg4 12. Bf1 1-0

[Event "AUTO-OPEN-956"]
[Site "http://www.queenalice.com/game.php?id=330407"]
[Date "2008.1.3"]
[Round "1"]
[White "animis"]
[Black "VelhoBuk"]
[Result "1-0"]
[WhiteElo "1853"]
[BlackElo "1499"]

1. e4 e5 2. f4 d6 3. Nf3 Nc6 4. Bc4 Qe7 5. O-O Bd7 6. Nc3 O-O-O 7. Nd5 Qe8 8. c3
Nf6 9. d3 Qe7 10. Nxe7+ Bxe7 11. Bxf7 Rhf8 12. Bb3 Nh5 13. f5 a6 14. d4 Bf6 15.
Bc2 Rde8 16. d5 Na7 17. Nxe5 Bxe5 18. Qxh5 g6 19. fxg6 hxg6 20. Qd1 Rh8 21. g3
Rh3 22. Bf4 Reh8 23. Qe2 Nb5 24. Rf2 Kd8 25. Qe3 Rg8 26. a4 Rf8 27. axb5 Bxb5
28. Bg5+ Ke8 29. Rxf8+ Kxf8 30. Qf3+ Kg7 31. Bd3 Bd7 32. Rf1 Be8 33. Qf8+ Kh7
34. Qxe8 Rh5 35. Rf7+ Bg7 36. Bf6 1-0

[Event "AUTO-OPEN-956"]
[Site "http://www.queenalice.com/game.php?id=330408"]
[Date "2008.1.3"]
[Round "1"]
[White "VelhoBuk"]
[Black "karpovl"]
[Result "1-0"]
[WhiteElo "1359"]
[BlackElo "1450"]

1. e4 e5 2. Nf3 f6 3. d3 d5 4. Nc3 Bb4 5. a3 Bc5 6. b4 Bd4 7. Bb2 dxe4 8. dxe4
a5 9. Bc4 axb4 10. axb4 Bxc3+ 11. Bxc3 Na6 12. O-O Rb8 13. Qd5 Ne7 14. Qf7+ Kd7
15. Nxe5+ fxe5 16. Bxe5 Nxb4 17. Qe6+ Ke8 18. Qf7+ Kd7 19. Rad1+ Kc6 20. Rxd8
Rxd8 21. Qxe7 Bd7 22. Qxb4 b5 23. Bd5+ Kb6 24. Bd4+ Ka6 25. Qa3# 1-0

[Event "AUTO-OPEN-956"]
[Site "http://www.queenalice.com/game.php?id=330409"]
[Date "2008.1.3"]
[Round "1"]
[White "karpovl"]
[Black "VelhoBuk"]
[Result "0-1"]
[WhiteElo "1450"]
[BlackElo "1441"]

1. e4 e5 2. d4 Qe7 3. h4 d6 4. Nf3 Nc6 5. Bb5 a6 6. Bg5 f6 7. dxe5 fxg5 8. exd6
Qd7 9. Ne5 Qe6 10. Qh5+ Kd8 11. Nf7+ Kd7 12. Bd3 Nf6 13. Qxg5 Qxf7 14. Nd2 Bxd6
15. Bc4 h6 16. Qf5+ Kd8 17. Qf3 Qe7 18. Rh3 Bxh3 19. gxh3 Qe5 20. O-O-O Rb8 21.
Rg1 b5 22. Bf7 Ke7 23. Rxg7 Bc5 24. Bd5+ Kd6 25. Qg3 Qxg3 26. fxg3 Nxd5 27. Rg6+
Kd7 28. exd5 Nb4 29. Nb3 Bb6 30. Kb1 Nxd5 0-1

[Event "Let's Play Chess!"]
[Site "http://www.queenalice.com/game.php?id=375466"]
[Date "2008.3.23"]
[Round "-"]
[White "VelhoBuk"]
[Black "kamikaze"]
[Result "0-1"]
[WhiteElo "1304"]
[BlackElo "1888"]

1. d4 d5 2. Nc3 c5 3. Nf3 cxd4 4. Qxd4 e6 5. Bf4 Nc6 6. Qd3 h6 7. h4 a6 8. O-O-O
b5 9. a3 Nf6 10. e4 Ng4 11. Rd2 Be7 12. exd5 Nxf2 13. Rxf2 exd5 14. Nxd5 O-O 15.
g3 Bc5 16. Re2 Bg4 17. Bc7 Qd7 18. Re7 Nxe7 19. Nb6 Qxc7 0-1

[Event "AUTO-INT-861"]
[Site "http://www.queenalice.com/game.php?id=384699"]
[Date "2008.4.9"]
[Round "1"]
[White "PAESLEME"]
[Black "VelhoBuk"]
[Result "1-0"]
[WhiteElo "1467"]
[BlackElo "1300"]

1. d4 d5 2. c4 e6 3. Nf3 Nf6 4. Bg5 Nc6 5. Nc3 h6 6. Bxf6 Qxf6 7. e3 b6 8. Nb5
Qd8 9. Qc2 Qd7 10. cxd5 exd5 11. Ne5 Nxe5 12. a4 Bb4+ 13. Ke2 c6 14. Qb3 a5 15.
dxe5 1-0

[Event "AUTO-INT-861"]
[Site "http://www.queenalice.com/game.php?id=384700"]
[Date "2008.4.9"]
[Round "1"]
[White "VelhoBuk"]
[Black "PAESLEME"]
[Result "0-1"]
[WhiteElo "1291"]
[BlackElo "1476"]

1. e4 e5 2. Nf3 Nc6 3. Nc3 Bb4 4. a3 Bxc3 5. bxc3 Nf6 6. d4 d6 7. Bd3 Bg4 8. Be3
h5 9. h3 Bxf3 10. Qxf3 Qe7 11. O-O O-O-O 12. d5 Na5 13. Qe2 h4 14. Rab1 b6 0-1